Prodovolʹstvennai︠a︡ problema TSeĭlona.

Saved in:
Bibliographic Details
Main Author: Maslov, I︠U︡riĭ Nikolaevich.
Format: Book
Language:Russian
Published: Moskva : "Nauka," 1971.
Subjects:
Tags: Add Tag
No Tags, Be the first to tag this record!
LEADER 00711nam a2200229Ii 4500
001 005994004-2
005 20020606163548.3
008 800513s1971 ru 000 0 rus
010 |a  71872739  
035 0 |a ocm06312874 
040 |a DLC  |c JNA  |d HLS 
050 |a HD9016.C42  |b M3 
100 1 |a Maslov, I︠U︡riĭ Nikolaevich. 
245 1 0 |a Prodovolʹstvennai︠a︡ problema TSeĭlona. 
260 |a Moskva :  |b "Nauka,"  |c 1971. 
300 |a 152 p. ;  |c 22 cm. 
500 |a At head of title: Akademii︠a︡ nauk SSSR. Institut vostokovedenii︠a︡. I︠U︡. N. Maslov. 
504 |a Bibliography: p. 148-151. 
650 0 |a Food supply  |z Sri Lanka. 
650 0 |a Rice  |z Sri Lanka. 
988 |a 20020608 
906 |0 DLC